• 首页
  • 本馆介绍
  • 公告通知
  • 最新文献
  • 馆藏检索
  • 电子资源
  • 读者导购
  • 参考咨询
  • 我的图书馆
  • 登录
  • 详细信息显示
  • 放入我的书架
  • 预约/预借图书
  • 作者相关作品
  • 分类相关作品
  • 丛书相关作品
  • 出版社相关作品

书目信息

  • 表格格式
  • 工作单格式
  • 卡片格式
题名:
根治黄河
    
 
作者: 张学亮 编写
分册:  
出版信息: 长春   吉林出版集团有限责任公司  2010
页数: 119页
开本: 23cm
丛书名: 共和国故事
单 册:
中图分类: I253.6 , TV882.1
科图分类:
主题词: 报告文学--bao gao wen xue--中国--当代
电子资源:
ISBN: 978-7-5463-1754-0
000 01116nam 2200301 450
001 2332283613
005 20231109085900.51
010    @a978-7-5463-1754-0@dCNY29.80
100    @a20111121d2011 am y0chiy50 ea
101 0  @achi
102    @aCN@b220000
105    @ay a 000zy
200 1  @a根治黄河@Agen zhi huang he@e治理黄河与水利工程胜利竣工@f张学亮编写
210    @a长春@c吉林出版集团有限责任公司@d2010
215    @a119页@d23cm
225 2  @a共和国故事@Agong he guo gu shi
308    @a封面及书脊丛书题名: 青少年应该铭记的共和国故事
320    @a有书目 (第119页)
330    @a本书分决策与规划、勘测与设计、施工与建设三大部分, 内容包括: 毛泽东决心根治黄河、成立三门峡水利工程局、周恩来到三门峡工地视察等。
410  0 @12001 @a共和国故事
517 1  @a治理黄河与水利工程胜利竣工@Azhi li huang he yu shui li gong cheng sheng li jun gong
606 0  @a报告文学@Abao gao wen xue@y中国@z当代
607    @a黄河@Ahuang he@x河道整治@z现代@x史料
690    @aI253.6@v5
690    @aTV882.1@v5
701  0 @a张学亮@Azhang xue liang@4编写
801  0 @aCN@b山东中教@c20230928
905    @aBZT@dI253.6@e47
    
    根治黄河:治理黄河与水利工程胜利竣工/张学亮编写.-长春:吉林出版集团有限责任公司,2010
    119页;23cm.-(共和国故事)
    
    
    ISBN 978-7-5463-1754-0:CNY29.80
    本书分决策与规划、勘测与设计、施工与建设三大部分, 内容包括: 毛泽东决心根治黄河、成立三门峡水利工程局、周恩来到三门峡工地视察等。
●
相关链接 在五车中查询图书 在当当中查询图书 在豆瓣中查询图书


正题名:根治黄河     索取号:I253.6/47         预约/预借

序号 登录号 条形码 馆藏地/架位号 状态 备注
1 2000971763   2000971763   315书库/四40架A面4层3列/ [索取号:I253.6/47] 在馆    
2 2000971764   2000971764   315书库/四40架A面4层3列/ [索取号:I253.6/47] 在馆    
3 2000971765   2000971765   315书库/四40架A面4层3列/ [索取号:I253.6/47] 在馆    
4 2000971766   2000971766   315书库/四40架A面4层3列/ [索取号:I253.6/47] 在馆    
5 2000971767   2000971767   315书库/四40架A面4层3列/ [索取号:I253.6/47] 在馆    
6 2000971768   2000971768   315书库/四40架A面4层3列/ [索取号:I253.6/47] 在馆    
山东省滨州职业学院图书馆 欢迎您!
大连网信软件有限公司© 版权所有